[Event "Barnaul Kura Memorial"]
[Site "Barnaul"]
[Date "2021.02.28"]
[Round "10"]
[White "Marchuk, Rostislav"]
[Black "Mongush, Kezhik"]
[Result "0-1"]
[WhiteElo "2059"]
[BlackElo "2053"]
[PlyCount "92"]
[EventDate "2021.02.27"]
[EventType "swiss (rapid)"]
[EventRounds "11"]
[EventCountry "RUS"]
[SourceTitle "CBM 200 Extra"]
[Source "ChessBase"]
[SourceDate "2021.03.31"]
[SourceVersion "1"]
[SourceVersionDate "2021.03.31"]
[SourceQuality "1"]

1. d4 d5 2. Nf3 Nf6 3. Bf4 c5 4. e3 Nc6 5. Nbd2 e6 6. c3 Bd6 7. Bg3 Bxg3 8. hxg3 Qd6 9. Bd3 e5 10. dxc5 Qxc5 11. e4 Bg4 12. Qe2 Rd8 13. Rd1 0-0 14. exd5 Qxd5 15. Ne4 Nxe4 16. Qxe4 Qxe4+ 17. Bxe4 Rxd1+ 18. Kxd1 f5 19. Bd5+ Kh8 20. Bxc6 bxc6 21. Kc2 Bxf3 22. gxf3 Rd8 23. Re1 Re8 24. Rd1 h5 25. Rh1 g6 26. g4 fxg4 27. fxg4 Kg7 28. gxh5 Rh8 29. Rd1 gxh5 30. Rh1 Kf6 31. Kd3 Kf5 32. Ke3 h4 33. Kf3 e4+ 34. Ke3 h3 35. Rh2 Rd8 36. Ke2 Rd3 37. Rh1 Kf4 38. Rh2 c5 39. Rh1 c4 40. Rh2 Rf3 41. Rh1 e3 42. fxe3+ Rxe3+ 43. Kf2 Rd3 44. b3 Rxc3 45. bxc4 Rc2+ 46. Kg1 Kg3 0-1

[Event "Barnaul Kura Memorial"]
[Site "Barnaul"]
[Date "2021.02.28"]
[Round "11"]
[White "Mongush, Kezhik"]
[Black "Bocharov, Dmitry"]
[Result "0-1"]
[WhiteElo "2053"]
[BlackElo "2533"]
[PlyCount "64"]
[EventDate "2021.02.27"]
[EventType "swiss (rapid)"]
[EventRounds "11"]
[EventCountry "RUS"]
[SourceTitle "CBM 200 Extra"]
[Source "ChessBase"]
[SourceDate "2021.03.31"]
[SourceVersion "1"]
[SourceVersionDate "2021.03.31"]
[SourceQuality "1"]

1. d4 Nf6 2. c4 e6 3. Nc3 Bb4 4. Qc2 c5 5. dxc5 Bxc5 6. Nf3 a6 7. g3 Qc7 8. Bg2 Be7 9. Nd2 0-0 10. e4 Nc6 11. 0-0 b6 12. b3 Bb7 13. Bb2 Rac8 14. Rac1 Ne5 15. h3 Ng6 16. Qb1 Qb8 17. Rfd1 h5 18. h4 Ng4 19. Nf1 Bc5 20. Rd2 Bc6 21. a3 f5 22. b4 Bxf2+ 23. Rxf2 Nxf2 24. Kxf2 f4 25. Ne2 fxg3+ 26. Kg1 Nxh4 27. Nexg3 Nxg2 28. Kxg2 Qf4 29. Re1 h4 30. Nh1 Qg4+ 31. Kh2 Rf3 32. Re3 Rcf8 0-1

[Event "Khanty-Mansiysk Governor Cup 16th"]
[Site "Khanty-Mansiysk"]
[Date "2020.12.06"]
[Round "7"]
[White "Mongush, Kezhik"]
[Black "Voskresenskaya, Marta"]
[Result "1-0"]
[WhiteElo "1942"]
[BlackElo "1867"]
[PlyCount "77"]
[EventDate "2020.11.30"]
[EventType "swiss"]
[EventRounds "9"]
[EventCountry "RUS"]
[SourceTitle "CBM 199 Extra"]
[Source "ChessBase"]
[SourceDate "2021.01.31"]
[SourceVersion "1"]
[SourceVersionDate "2021.01.31"]
[SourceQuality "1"]

1. d4 d5 2. c4 c6 3. Nf3 Nf6 4. e3 e6 5. Nbd2 Nbd7 6. Bd3 dxc4 7. Nxc4 b5 8. Nce5 Nxe5 9. Nxe5 Bb4+ 10. Bd2 Bxd2+ 11. Qxd2 Bb7 12. 0-0 0-0 13. Rfc1 Qd6 14. Rc5 Nd7 15. Nxd7 Qxd7 16. Rac1 f5 17. Be2 Rac8 18. Bf3 Rc7 19. Qc2 Rfc8 20. g3 g6 21. b4 a6 22. a4 Qd6 23. Be2 Rf7 24. axb5 axb5 25. Bxb5 cxb5 26. Rxc8+ Kg7 27. Rc7 Qd5 28. Rxf7+ Kxf7 29. Qc7+ Kf6 30. Qe5+ Kg5 31. Qxd5 Bxd5 32. Rc5 Bc4 33. f3 Bd3 34. Kf2 Kf6 35. e4 Ke7 36. Ke3 Bf1 37. Rc7+ Kd6 38. Rxh7 Bc4 39. Rg7 1-0

[Event "Khanty-Mansiysk Governor Cup 16th"]
[Site "Khanty-Mansiysk"]
[Date "2020.11.30"]
[Round "1"]
[White "Mongush, Kezhik"]
[Black "Pridorozhni, Aleksei"]
[Result "0-1"]
[WhiteElo "1942"]
[BlackElo "2590"]
[PlyCount "112"]
[EventDate "2020.11.30"]
[EventType "swiss"]
[EventRounds "9"]
[EventCountry "RUS"]
[SourceTitle "CBM 199 Extra"]
[Source "ChessBase"]
[SourceDate "2021.01.31"]
[SourceVersion "1"]
[SourceVersionDate "2021.01.31"]
[SourceQuality "1"]

1. d4 e6 2. c4 b6 3. Nf3 Bb7 4. e3 f5 5. Bd3 Nf6 6. 0-0 Bd6 7. b3 0-0 8. Nbd2 Nc6 9. Bb2 Qe8 10. a3 a5 11. e4 fxe4 12. Nxe4 Nxe4 13. Bxe4 Qh5 14. g3 Rae8 15. Re1 Nd8 16. Bxb7 Nxb7 17. Ne5 Qf5 18. f4 Re7 19. Qf3 Nd8 20. Rad1 Nf7 21. Qe4 Nxe5 22. dxe5 Bc5+ 23. Kg2 g5 24. Qxf5 Rxf5 25. Re4 Ref7 26. Bc1 gxf4 27. Rxf4 Rxe5 28. Rxf7 Kxf7 29. Rxd7+ Kg6 30. h4 Re1 31. Bd2 Rb1 32. h5+ Kxh5 33. b4 Bd6 34. Kh3 Rh1+ 35. Kg2 Ra1 36. c5 bxc5 37. bxc5 Ra2 38. cxd6 Rxd2+ 39. Kh3 cxd6 40. Rxh7+ Kg6 41. Ra7 Rd5 42. Ra6 Kg5 43. a4 e5 44. Ra8 Rc5 45. Rg8+ Kf6 46. g4 Rc4 47. g5+ Kf5 48. g6 Rxa4 49. g7 Kf6 50. Rd8 Kxg7 51. Rxd6 Kf7 52. Kg3 Ra1 53. Kf3 a4 54. Ra6 a3 55. Kg2 a2 56. Ra5 e4 0-1